Statistical design

Saved in:
Bibliografiske detaljer
Hovedforfatter: Casella, George (Author)
Format: Bog
Sprog:spansk
Udgivet: Dordrecht Springer 2010
Serier:Springer Texts in Statistics
Fag:
Tags: Tilføj Tag
Ingen Tags, Vær først til at tagge denne postø!

MARC

LEADER 00000nam a2200000 a 4500
001 UCG6592
003 CL-VaPUC
008 110509e20100000ne |||||||||||||||||spa|d
020 |a 9781441926142 
082 0 4 |a 519.5  |b CAS  |2 21 
100 0 |a Casella, George  |e author  |9 556904 
245 1 0 |a Statistical design 
300 |a 307 p 
942 |c BK 
945 |d 20110509 00:00:00  |a jcampos 
260 |a Dordrecht  |b Springer  |c 2010 
650 0 |a Estadística matemática  |9 260028 
650 7 |a ESTADISTICA DE DISEÑO  |2 CL-VaPUC  |9 556905 
583 |a last modification  |c 20171213 05:58:18  |k Rodrigo Vera 
490 0 |a Springer Texts in Statistics 
999 |c 344770  |d 344768 
952 |0 0  |1 0  |4 0  |6 519_500000000000000_CAS_2010  |7 0  |8 A  |9 442961  |a BIBGIM  |b BIBGIM  |d 2019-11-22  |i 4773373  |o 519.5 CAS 2010  |p 4773373  |r 2025-01-15  |w 2019-11-22  |y BK  |k EST